[Event "Niederbayernliga 0910"]
[Site "Germany"]
[Date "2010.02.07"]
[Round "6.7"]
[White "Haletzki, Bernd"]
[Black "Eu, Ching Hwa"]
[Result "1-0"]
[WhiteElo "1942"]
[BlackElo "1699"]
[PlyCount "51"]
[EventDate "2009.10.18"]
[EventType "team-tourn"]
[EventRounds "9"]
[EventCountry "GER"]
[SourceTitle "EXT 2011"]
[Source "ChessBase"]
[SourceDate "2010.11.26"]
[SourceVersion "1"]
[SourceVersionDate "2010.11.26"]
[SourceQuality "1"]
[WhiteTeam "Straubing"]
[BlackTeam "Landau Dingolfing"]
[WhiteTeamCountry "GER"]
[BlackTeamCountry "GER"]

1. e4 c5 2. Nf3 Nc6 3. d4 cxd4 4. Nxd4 g6 5. Be3 Nf6 6. Nc3 Bg7 7. Be2 d5 8. Nxc6 bxc6 9. e5 Nd7 10. f4 0-0 11. 0-0 a5 12. h4 Nb6 13. Bc5 Qc7 14. h5 gxh5 15. Bxh5 Ba6 16. Rf3 Nc4 17. Rg3 Nxe5 18. fxe5 Qxe5 19. Qg4 Bc8 20. Qg5 Qxg5 21. Rxg5 Re8 22. Rf1 Be6 23. Bd4 f6 24. Bxe8 fxg5 25. Bxg7 Kxg7 26. Bxc6 1-0

[Event "Niederbayernliga 0809"]
[Site "Germany"]
[Date "2008.11.30"]
[Round "3.7"]
[White "Foierl, Siegfried"]
[Black "Haletzki, Bernd"]
[Result "0-1"]
[WhiteElo "1616"]
[BlackElo "1865"]
[PlyCount "44"]
[EventDate "2008.10.05"]
[EventType "team-tourn"]
[EventRounds "9"]
[EventCountry "GER"]
[SourceTitle "EXT 2010"]
[Source "ChessBase"]
[SourceDate "2010.11.25"]
[SourceVersion "1"]
[SourceVersionDate "2010.11.25"]
[SourceQuality "1"]
[WhiteTeam "Geiselhoering"]
[BlackTeam "Straubing"]
[WhiteTeamCountry "GER"]
[BlackTeamCountry "GER"]

1. d4 e6 2. Nf3 Nf6 3. c4 d5 4. Nc3 c5 5. cxd5 Nxd5 6. e4 Nxc3 7. bxc3 cxd4 8. cxd4 Bb4+ 9. Bd2 Bxd2+ 10. Qxd2 0-0 11. Be2 Nc6 12. 0-0 b6 13. Rfd1 Na5 14. Rac1 Bb7 15. Qe3 Rc8 16. g4 Qe7 17. Nd2 Qb4 18. f3 Rfd8 19. Rxc8 Rxc8 20. Nb1 h6 21. Bd3 Qa4 22. Kg2 Qxd1 0-1

[Event "Niederbayernliga 0708"]
[Site "Germany"]
[Date "2007.12.09"]
[Round "4.6"]
[White "Riemelmoser, Stefan"]
[Black "Haletzki, Bernd"]
[Result "1/2-1/2"]
[WhiteElo "1882"]
[BlackElo "1900"]
[PlyCount "46"]
[EventDate "2007.10.21"]
[EventType "team"]
[EventRounds "9"]
[EventCountry "GER"]
[SourceTitle "EXT 2009"]
[Source "ChessBase"]
[SourceDate "2008.11.26"]
[SourceVersion "1"]
[SourceVersionDate "2008.11.26"]
[SourceQuality "1"]
[WhiteTeam "Simbach"]
[BlackTeam "Straubing"]
[WhiteTeamCountry "GER"]
[BlackTeamCountry "GER"]

1. e4 e6 2. d4 d5 3. Nc3 Bb4 4. e5 c5 5. a3 Bxc3+ 6. bxc3 Ne7 7. Nf3 Qc7 8. Bd3 c4 9. Be2 0-0 10. 0-0 Nbc6 11. a4 f6 12. exf6 Rxf6 13. Ba3 Ng6 14. Re1 Bd7 15. Bf1 Re8 16. g3 Qa5 17. Re3 Nge7 18. Ne5 Nxe5 19. dxe5 Rf7 20. Bxc4 Nf5 21. Rd3 Qc7 22. Bb3 Qxe5 23. Qd2 h6 1/2-1/2

[Event "Regionalliga SO 0607"]
[Site "Bayern"]
[Date "2006.11.19"]
[Round "3.7"]
[White "Haletzki, Bernd"]
[Black "Kiener, Georg"]
[Result "1/2-1/2"]
[WhiteElo "1896"]
[BlackElo "2032"]
[PlyCount "99"]
[EventDate "2006.10.15"]
[EventType "team-tourn"]
[EventRounds "9"]
[EventCountry "GER"]
[SourceTitle "EXT 2008"]
[Source "ChessBase"]
[SourceDate "2007.11.25"]
[SourceVersion "1"]
[SourceVersionDate "2007.11.25"]
[SourceQuality "1"]
[WhiteTeam "Straubing"]
[BlackTeam "Pang/Rosenheim II"]
[WhiteTeamCountry "GER"]
[BlackTeamCountry "GER"]

1. e4 c5 2. Nf3 e6 3. d4 cxd4 4. Nxd4 Bc5 5. Be3 Qb6 6. b3 Nc6 7. c3 Nf6 8. Qd3 Ng4 9. Be2 Nxe3 10. fxe3 0-0 11. Nd2 Ne5 12. Qc2 Qd8 13. N2f3 Nxf3+ 14. Bxf3 e5 15. Nf5 g6 16. Nh6+ Kg7 17. Ng4 d6 18. Qe2 a5 19. h4 Qb6 20. Kd2 Rd8 21. h5 d5 22. exd5 Bxg4 23. Bxg4 Rxd5+ 24. Kc2 Bxe3 25. Rad1 Rad8 26. Rxd5 Rxd5 27. Rd1 Rxd1 28. Qxd1 Bf4 29. Bf3 Qf2+ 30. Qe2 Qxe2+ 31. Bxe2 Kh6 32. a4 Kg5 33. Bf3 b6 34. Bd5 f5 35. hxg6 hxg6 36. b4 axb4 37. cxb4 Kg4 38. a5 bxa5 39. bxa5 e4 40. Bf7 g5 41. Be6 Be3 42. Kd1 Kf4 43. Ke2 Bc5 44. Bc8 Ke5 45. a6 g4 46. Bd7 g3 47. Bc8 f4 48. Bg4 f3+ 49. Bxf3 exf3+ 50. Kxf3 1/2-1/2

[Event "Niederbayern-ch Seniors 47th"]
[Site "Aidenbach"]
[Date "2006.04.21"]
[Round "5"]
[White "Bilyavskyy, Borys"]
[Black "Haletzki, Bernd"]
[Result "0-1"]
[WhiteElo "1796"]
[BlackElo "1926"]
[PlyCount "132"]
[EventDate "2006.04.18"]
[EventType "swiss"]
[EventRounds "7"]
[EventCountry "GER"]
[SourceTitle "EXT 2007"]
[Source "ChessBase"]
[SourceDate "2006.11.23"]
[SourceVersion "1"]
[SourceVersionDate "2006.11.23"]
[SourceQuality "1"]

1. e4 c5 2. Nf3 d6 3. d4 cxd4 4. Nxd4 Nf6 5. Nc3 a6 6. Be2 Qc7 7. Be3 e6 8. 0-0 Be7 9. Kh1 b5 10. a3 Bb7 11. f3 Nbd7 12. Qe1 d5 13. exd5 Nxd5 14. Nxd5 Bxd5 15. c3 0-0 16. f4 Nc5 17. Bf3 Rad8 18. Qg3 Bf6 19. Rad1 Ne4 20. Qg4 Bb7 21. f5 exf5 22. Nxf5 Rxd1 23. Rxd1 Qe5 24. Kg1 Qe6 25. Nh6+ Kh8 26. Qxe6 fxe6 27. Ng4 Rd8 28. Rxd8+ Bxd8 29. Ne5 Kg8 30. Kf1 Bc7 31. Ng4 Bd5 32. Nf2 Nf6 33. Bxd5 Nxd5 34. Ke2 Bxh2 35. Ne4 Nxe3 36. Kxe3 h6 37. b3 Kf8 38. Kd3 Ke7 39. c4 Bg1 40. c5 Bh2 41. Kd4 Bf4 42. a4 Kd7 43. axb5 axb5 44. Nf2 Kc6 45. Nd3 Bg3 46. Nb4+ Kb7 47. Nd3 Bc7 48. Nb4 h5 49. Nd3 Kc6 50. Nb4+ Kd7 51. Ke4 g5 52. Nd3 g4 53. b4 h4 54. Nf2 h3 55. Nxh3 gxh3 56. gxh3 Ke7 57. h4 Kf6 58. c6 Bd6 59. h5 Kg5 60. c7 Bxc7 61. Kd4 Kxh5 62. Kc5 Kg4 63. Kxb5 Bg3 64. Kc6 e5 65. b5 e4 66. b6 e3 0-1

[Event "Niederbayernliga 0506"]
[Site "Germany"]
[Date "2006.??.??"]
[Round "8"]
[White "Haletzki, Bernd"]
[Black "Oberberger, Hans"]
[Result "1-0"]
[WhiteElo "1906"]
[BlackElo "1642"]
[PlyCount "83"]
[EventDate "2005.??.??"]
[EventType "team"]
[EventRounds "9"]
[EventCountry "GER"]
[SourceTitle "EXT 2008"]
[Source "ChessBase"]
[SourceDate "2007.11.25"]
[SourceVersion "1"]
[SourceVersionDate "2007.11.25"]
[SourceQuality "1"]
[WhiteTeam "Straubing"]
[BlackTeam "Deggendorf II"]
[WhiteTeamCountry "GER"]
[BlackTeamCountry "GER"]

1. e4 d6 2. d4 g6 3. c4 Bg7 4. Nc3 Nf6 5. f3 0-0 6. Be3 Na6 7. Qd2 Re8 8. 0-0-0 c6 9. g4 Kh8 10. h4 h5 11. gxh5 Nxh5 12. Bh3 b5 13. cxb5 cxb5 14. Kb1 Bd7 15. Bg4 Nb4 16. Bxh5 gxh5 17. Bh6 Rg8 18. Nge2 Kh7 19. Bxg7 Rxg7 20. Rdg1 Qh8 21. Rg5 Kg8 22. Rhg1 Rxg5 23. Qxg5+ Kf8 24. a3 Nc6 25. Qd5 Rc8 26. Rg5 b4 27. Rxh5 Qg7 28. axb4 Be6 29. Qg5 Qxg5 30. hxg5 Nxb4 31. Rh8+ Kg7 32. Rxc8 Bxc8 33. f4 Kg6 34. Kc1 Ba6 35. Kd2 Kh5 36. d5 Kg4 37. b3 Kf3 38. f5 Bxe2 39. Nxe2 Kxe4 40. g6 fxg6 41. fxg6 Nxd5 42. Nc3+ 1-0

[Event "Niederbayernliga 0405"]
[Site "Germany"]
[Date "2005.??.??"]
[Round "5"]
[White "Haletzki, Bernd"]
[Black "Brueckl, Edgar"]
[Result "0-1"]
[WhiteElo "1887"]
[BlackElo "1869"]
[PlyCount "84"]
[EventDate "2004.??.??"]
[EventType "team"]
[EventRounds "9"]
[EventCountry "GER"]
[SourceTitle "EXT 2008"]
[Source "ChessBase"]
[SourceDate "2007.11.25"]
[SourceVersion "1"]
[SourceVersionDate "2007.11.25"]
[SourceQuality "1"]
[WhiteTeam "Straubing"]
[BlackTeam "Eggenfelden"]
[WhiteTeamCountry "GER"]
[BlackTeamCountry "GER"]

1. e4 e6 2. d4 b6 3. Nf3 Bb7 4. Bd3 c5 5. c3 Be7 6. 0-0 d6 7. Re1 Nd7 8. Qe2 g5 9. Bb5 h6 10. Na3 a6 11. Bxd7+ Qxd7 12. Nc4 Qd8 13. dxc5 bxc5 14. Nfd2 d5 15. exd5 Qxd5 16. Ne3 Qc6 17. Ndc4 Nf6 18. Na5 Qc7 19. Nxb7 Qxb7 20. Nc4 Rd8 21. Be3 Nd5 22. Qh5 Nf6 23. Qe2 Nd5 24. Ne5 Bd6 25. Nd3 Qc7 26. g3 c4 27. Nb4 Bxb4 28. cxb4 Nxb4 29. Red1 Nd5 30. Bd4 0-0 31. Rac1 Rc8 32. h4 Qe7 33. Qh5 Kh7 34. hxg5 Qxg5 35. Qxg5 hxg5 36. Kg2 Kg6 37. Rh1 f6 38. g4 Nf4+ 39. Kf3 Rfd8 40. Be3 Nd3 41. Rc2 Rb8 42. Rxc4 Ne5+ 0-1

[Event "Niederbayernliga 0405"]
[Site "Germany"]
[Date "2004.??.??"]
[Round "3"]
[White "Haletzki, Bernd"]
[Black "Bernauer, Thomas"]
[Result "1-0"]
[WhiteElo "1887"]
[BlackElo "1749"]
[PlyCount "76"]
[EventDate "2004.??.??"]
[EventType "team"]
[EventRounds "9"]
[EventCountry "GER"]
[SourceTitle "EXT 2008"]
[Source "ChessBase"]
[SourceDate "2007.11.25"]
[SourceVersion "1"]
[SourceVersionDate "2007.11.25"]
[SourceQuality "1"]
[WhiteTeam "Straubing"]
[BlackTeam "Grafenau"]
[WhiteTeamCountry "GER"]
[BlackTeamCountry "GER"]

1. e4 e6 2. d4 d5 3. e5 c5 4. c3 Qb6 5. Nf3 Nc6 6. a3 c4 7. Nbd2 Na5 8. Be2 Bd7 9. 0-0 Ne7 10. Rb1 Nb3 11. Bxc4 Nxd2 12. Nxd2 Ng6 13. Be2 f6 14. exf6 gxf6 15. Re1 0-0-0 16. b4 h5 17. Nf3 Bd6 18. Qc2 Rdg8 19. c4 dxc4 20. Bxc4 Bc7 21. Be3 Qd6 22. Rbc1 Bc6 23. d5 exd5 24. b5 Ne5 25. Nxe5 Qxe5 26. f4 Qd6 27. bxc6 dxc4 28. cxb7+ Kb8 29. Qxc4 Rg7 30. a4 Rhg8 31. Re2 h4 32. Rec2 Qa3 33. Qd4 Qxe3+ 34. Qxe3 Bb6 35. Rc5 Rc7 36. Kf1 Rxc5 37. Rxc5 Kxb7 38. Qe4+ Ka6 1-0

[Event "Niederbayernliga 0304"]
[Site "Germany"]
[Date "2004.??.??"]
[Round "9"]
[White "Putz, Georg"]
[Black "Haletzki, Bernd"]
[Result "1/2-1/2"]
[WhiteElo "1780"]
[BlackElo "1874"]
[PlyCount "60"]
[EventDate "2003.??.??"]
[EventType "team"]
[EventRounds "9"]
[EventCountry "GER"]
[SourceTitle "EXT 2008"]
[Source "ChessBase"]
[SourceDate "2007.11.25"]
[SourceVersion "1"]
[SourceVersionDate "2007.11.25"]
[SourceQuality "1"]
[WhiteTeam "Simbach"]
[BlackTeam "Straubing"]
[WhiteTeamCountry "GER"]
[BlackTeamCountry "GER"]

1. e4 c5 2. Nc3 Nc6 3. g3 g6 4. Bg2 Bg7 5. d3 e6 6. f4 Nge7 7. Nge2 0-0 8. 0-0 d5 9. e5 Nf5 10. g4 Nfd4 11. Nxd4 Nxd4 12. Ne2 Nc6 13. c3 Qb6 14. b3 Bd7 15. Be3 Rac8 16. Bf2 Rfe8 17. Rc1 a5 18. a3 Bf8 19. b4 Nb8 20. Rb1 axb4 21. axb4 Qc7 22. bxc5 Bxc5 23. Bxc5 Qxc5+ 24. d4 Qc7 25. Qb3 Bc6 26. f5 Nd7 27. Rfc1 exf5 28. gxf5 Qd8 29. Ng3 Nf8 30. Bh3 Ra8 1/2-1/2

[Event "Bad Griesbach Seniors op 6th"]
[Site "Bad Griesbach"]
[Date "2003.12.02"]
[Round "3"]
[White "Ries, Berthold"]
[Black "Haletzki, Bernd"]
[Result "0-1"]
[WhiteElo "1859"]
[BlackElo "1903"]
[PlyCount "66"]
[EventDate "2003.11.30"]
[EventType "swiss"]
[EventRounds "7"]
[EventCountry "GER"]
[SourceTitle "EXT 2006"]
[Source "ChessBase"]
[SourceDate "2005.11.24"]
[SourceVersion "1"]
[SourceVersionDate "2005.11.24"]
[SourceQuality "1"]

1. e4 e6 2. d4 d5 3. Nd2 c5 4. Ngf3 Nc6 5. exd5 Qxd5 6. Bc4 Qd6 7. Ne4 Qc7 8. dxc5 Bxc5 9. 0-0 Be7 10. Bg5 f6 11. Bh4 a6 12. Bg3 e5 13. h3 Bd7 14. Qe2 0-0-0 15. Rfd1 Nh6 16. Bd5 Nf5 17. Bh2 Nb4 18. Bb3 h5 19. a3 Nc6 20. Rd3 Qb6 21. Rad1 g5 22. Nc3 g4 23. Nd5 Qa5 24. Nxe5 fxe5 25. Bxe5 Rhe8 26. Bc7 Qb5 27. Bxd8 Bxd8 28. Qd2 gxh3 29. Nc3 Qe5 30. Rxd7 Bc7 31. Rxc7+ Kxc7 32. Qd7+ Kb8 33. Qd6+ Nxd6 0-1

[Event "Regionalliga SO 0203"]
[Site "Bayern"]
[Date "2003.03.30"]
[Round "9.7"]
[White "Haletzki, Bernd"]
[Black "Herrmann, Michael2222"]
[Result "1/2-1/2"]
[WhiteElo "1911"]
[BlackElo "2018"]
[PlyCount "146"]
[EventDate "2002.10.20"]
[EventType "team"]
[EventRounds "9"]
[EventCountry "GER"]
[SourceTitle "EXT 2004"]
[Source "ChessBase"]
[SourceDate "2003.11.25"]
[SourceVersion "1"]
[SourceVersionDate "2003.11.25"]
[SourceQuality "1"]
[WhiteTeam "Straubing"]
[BlackTeam "Vogtareuth"]
[WhiteTeamCountry "GER"]
[BlackTeamCountry "GER"]

1. e4 c6 2. d4 d5 3. Nc3 dxe4 4. Nxe4 Bf5 5. Ng3 Bg6 6. Bc4 Nf6 7. N1e2 h6 8. 0-0 Nd5 9. Nf4 Nxf4 10. Bxf4 e6 11. c3 Bd6 12. Qf3 Bxf4 13. Qxf4 0-0 14. Qg4 Qd6 15. Rfe1 Re8 16. Nh5 Bxh5 17. Qxh5 Nd7 18. Qh4 Rad8 19. Rad1 Nf6 20. Bb3 e5 21. Re3 exd4 22. Qxd4 Qxd4 23. Rxd4 Rxd4 24. Rxe8+ Nxe8 25. cxd4 Nd6 26. Kf1 Nb5 27. d5 c5 28. Ke2 Kf8 29. Kd3 Nd6 30. Bd1 Ke7 31. g4 Ne8 32. f4 Nc7 33. Ke4 Kd6 34. g5 hxg5 35. fxg5 b5 36. a4 a6 37. axb5 axb5 38. h4 Nxd5 39. h5 Ne7 40. Bg4 Ng8 41. Be2 c4 42. Kd4 Ne7 43. Bg4 Nc6+ 44. Ke4 Ne7 45. Kd4 Ng8 46. Bf5 Ne7 47. Be4 f5 48. gxf6 gxf6 49. h6 f5 50. h7 Ng6 51. Bxf5 Nh8 52. Bc8 Nf7 53. Ba6 Kc6 54. Bc8 Nh8 55. Bf5 Kd6 56. Be4 Nf7 57. Bg6 Nh8 58. Be8 c3 59. bxc3 Ke6 60. Bxb5 Kf6 61. Bd3 Kg7 62. Kd5 Nf7 63. c4 Nd8 64. c5 Kh8 65. Be4 Kg7 66. Kd6 Nf7+ 67. Ke7 Ne5 68. Bf5 Nc6+ 69. Kd6 Nb4 70. Be4 Kh8 71. Ke7 Kg7 72. Ke6 Kh8 73. Kf7 Nd3 1/2-1/2

[Event "Regionalliga SO 0203"]
[Site "Bayern"]
[Date "2003.02.09"]
[Round "6.5"]
[White "Haletzki, Bernd"]
[Black "Brestan, Peter"]
[Result "1-0"]
[WhiteElo "1911"]
[BlackElo "2070"]
[PlyCount "78"]
[EventDate "2002.10.20"]
[EventType "team"]
[EventRounds "9"]
[EventCountry "GER"]
[SourceTitle "EXT 2004"]
[Source "ChessBase"]
[SourceDate "2003.11.25"]
[SourceVersion "1"]
[SourceVersionDate "2003.11.25"]
[SourceQuality "1"]
[WhiteTeam "Straubing"]
[BlackTeam "Freilassing"]
[WhiteTeamCountry "GER"]
[BlackTeamCountry "GER"]

1. e4 g6 2. d4 Bg7 3. c4 d6 4. Nc3 Nd7 5. Be3 e5 6. d5 Ne7 7. Bd3 0-0 8. Qd2 f5 9. f3 Nf6 10. Nge2 f4 11. Bf2 g5 12. c5 Ng6 13. Rc1 Rf7 14. Bc4 Bf8 15. b4 g4 16. Qb2 Nh5 17. Rg1 Rg7 18. fxg4 Bxg4 19. h3 Bd7 20. c6 Bc8 21. cxb7 Bxb7 22. Nb5 Nh4 23. Kf1 Bc8 24. Bxh4 Qxh4 25. Rc3 a6 26. Na3 Rf7 27. Rf3 Bh6 28. Qc3 Bd7 29. Qd3 Raf8 30. Bxa6 Ng3+ 31. Nxg3 fxg3 32. Ke2 Rxf3 33. gxf3 Qxh3 34. Rf1 g2 35. Rg1 Rxf3 36. Qxf3 Bg4 37. Qxg4+ Qxg4+ 38. Kf2 Kf7 39. Rxg2 Be3+ 1-0

[Event "Niederbayernliga 0304"]
[Site "Germany"]
[Date "2003.??.??"]
[Round "2"]
[White "Ederer, Mirjana"]
[Black "Haletzki, Bernd"]
[Result "1/2-1/2"]
[WhiteElo "1754"]
[BlackElo "1874"]
[PlyCount "76"]
[EventDate "2003.??.??"]
[EventType "team"]
[EventRounds "9"]
[EventCountry "GER"]
[SourceTitle "EXT 2008"]
[Source "ChessBase"]
[SourceDate "2007.11.25"]
[SourceVersion "1"]
[SourceVersionDate "2007.11.25"]
[SourceQuality "1"]
[WhiteTeam "Haselbach"]
[BlackTeam "Straubing"]
[WhiteTeamCountry "GER"]
[BlackTeamCountry "GER"]

1. e4 e6 2. d4 d5 3. exd5 exd5 4. Bd3 Nf6 5. Bf4 Bd6 6. Ne2 0-0 7. 0-0 Bg4 8. f3 Bh5 9. Nd2 c5 10. dxc5 Bxc5+ 11. Kh1 Nc6 12. Nb3 Bd6 13. c3 Qc7 14. Bxd6 Qxd6 15. Qd2 Rad8 16. Rad1 Ne5 17. Nbd4 Bg6 18. Bxg6 hxg6 19. b3 a6 20. Nc2 Nc6 21. Nf4 Rfe8 22. c4 d4 23. Nd3 Nh5 24. Qf2 Nf4 25. Nxf4 Qxf4 26. Rd3 Re6 27. Rfd1 Rde8 28. g3 Qf6 29. Nxd4 Nxd4 30. Qxd4 Qf5 31. Qg1 Re2 32. Qf1 Rxa2 33. Rd8 Rxd8 34. Rxd8+ Kh7 35. g4 Qg5 36. Qh3+ Qh6 37. Qxh6+ gxh6 38. Rd7 Kg7 1/2-1/2